000 00947nas a2200313 4500
001 BR0803828
003 BR-BrBNA
005 20231205112330.0
007 ta
008 230509b bl.|||p| |||| 00| 00por d
040 _aBR-BrBNA
_bpor
_cBiblioteca Nacional de Agricultura
041 _a(Pt)
072 _aF03; F04
100 1 _aFernandes, D.S.
100 1 _aSoratto, R.P.
100 1 _aKulczynski, S.M.
100 1 _aBiscaro, G.A.
100 1 _aReis, C.J. dos
245 1 _aProdutividade e qualidade fisiológica de sementes de feijão em consequência da aplicação foliar de manganês
650 _aFEIJÃO
650 _aSEMENTE
650 _aMANGANÊS
650 _aIRRIGAÇÃO
650 _aADUBAÇÃO FOLIAR
650 _aCERRADO
773 0 _tPesquisa Agropecuária Brasileira (Brazil)
_xISSN 0100-204X
_g(Mar 2007), v. 42(3) p. 419-426
_wBR0803828
909 _a202311
_bLúcia
_c55
_dLúcia Elande
942 _2AGRIS
_n0
_cANA
999 _c197477
_d197477